000 00318nam a22001457a 4500
005 20181006121229.0
008 181006b xxu||||| |||| 00| 0 eng d
041 _aeng
100 _aKumar,Arvind
_94877
245 _aMine Economics
250 _a4th
260 _aNagpur
_c1989
650 _aMining
_94878
942 _cBK
999 _c5748
_d5746